[Event "GRE-chT 52nd"]
[Site "Loutraki"]
[Date "2025.07.04"]
[Round "7.2"]
[White "Kelires, Andreas"]
[Black "Megalios, Konstantinos"]
[Result "1/2-1/2"]
[WhiteElo "2533"]
[BlackElo "2383"]
[PlyCount "175"]
[EventDate "2025.06.28"]
[EventType "team-swiss"]
[EventRounds "7"]
[EventCountry "GRE"]
[SourceTitle "CB28_2025"]
[SourceDate "2025.07.09"]
[SourceVersion "1"]
[SourceVersionDate "2025.07.09"]
[SourceQuality "1"]
[WhiteTeam "Irakleiou"]
[BlackTeam "Thessaloniki Aris"]
[WhiteTeamCountry "GRE"]
[BlackTeamCountry "GRE"]

1. Nf3 d5 2. g3 c6 3. Bg2 Bg4 4. h3 Bxf3 5. Bxf3 e6 6. c4 Nd7 7. d4 Bd6 8. Nc3 f5 9. Qb3 Rb8 10. g4 Ne7 11. Bg5 0-0 12. Rg1 Nf6 13. gxf5 Nxf5 14. 0-0-0 Qb6 15. Bg4 Nxg4 16. hxg4 Qxb3 17. axb3 Ne7 18. Be3 b5 19. c5 Bf4 20. b4 Bc7 21. Kc2 a5 22. bxa5 Bxa5 23. Ra1 Ra8 24. Na2 Ng6 25. Nc1 e5 26. dxe5 Nxe5 27. Nb3 Bb4 28. Rxa8 Rxa8 29. Bd4 Re8 30. g5 Kf7 31. Ra1 Kg6 32. Ra7 Re6 33. f4 Ng4 34. Rxg7+ Kf5 35. e3 Nxe3+ 36. Bxe3 Rxe3 37. Rxh7 Re2+ 38. Kb1 Rg2 39. Rh6 Ke4 40. Rxc6 Kxf4 41. Rb6 Rxg5 42. Rxb5 Be1 43. c6 Rg8 44. c7 Rc8 45. Nc5 Kf5 46. Na6 Ke6 47. b4 Bg3 48. Rb7 d4 49. b5 Kd5 50. Kb2 Kc4 51. b6 Kb5 52. Rb8 Kxa6 53. Rxc8 Kxb6 54. Kb3 Bxc7 55. Kc4 Bg3 56. Kxd4 Kb5 57. Kd5 Kb6 58. Rg8 Bf4 59. Rg7 Be3 60. Rg6+ Kb7 61. Rf6 Kc7 62. Rc6+ Kb7 63. Kd6 Bf4+ 64. Kc5 Be3+ 65. Kb5 Bf4 66. Rf6 Be5 67. Rf7+ Ka8 68. Rd7 Bf4 69. Rf7 Be5 70. Kc6 Bg3 71. Kb6 Be5 72. Re7 Bg3 73. Re8+ Bb8 74. Re4 Bg3 75. Rg4 Bf2+ 76. Kc7 Be3 77. Ra4+ Ba7 78. Rb4 Bf2 79. Rg4 Be3 80. Rg2 Bf4+ 81. Kb6 Be3+ 82. Kc6 Bf4 83. Rb2 Be5 84. Rb3 Bd4 85. Rb5 Be3 86. Re5 Bf4 87. Rh5 Be3 88. Kc7 1/2-1/2

[Event "GRE-chT 52nd"]
[Site "Loutraki"]
[Date "2025.07.02"]
[Round "5.12"]
[White "Megalios, Konstantinos"]
[Black "Malikentzos, Sotirios"]
[Result "1/2-1/2"]
[WhiteElo "2383"]
[BlackElo "2432"]
[PlyCount "62"]
[EventDate "2025.06.28"]
[EventType "team-swiss"]
[EventRounds "7"]
[EventCountry "GRE"]
[SourceTitle "CB28_2025"]
[SourceDate "2025.07.09"]
[SourceVersion "1"]
[SourceVersionDate "2025.07.09"]
[SourceQuality "1"]
[WhiteTeam "Thessaloniki Aris"]
[BlackTeam "OFI"]
[WhiteTeamCountry "GRE"]
[BlackTeamCountry "GRE"]

1. c4 e6 2. g3 d5 3. Bg2 Nf6 4. Nf3 dxc4 5. Qa4+ Bd7 6. Qxc4 c5 7. Ne5 Qc8 8. Qd3 Nc6 9. Nxd7 Nxd7 10. Nc3 Be7 11. b3 0-0 12. Bb2 Rd8 13. Rc1 Nf6 14. Qc2 Qd7 15. d3 Rac8 16. 0-0 b6 17. Rfd1 Nd5 18. Nxd5 exd5 19. e3 d4 20. Bxc6 Rxc6 21. Bxd4 Rd6 22. Bc3 Rxd3 23. Rxd3 Qxd3 24. Qxd3 Rxd3 25. Kf1 f6 26. Ke2 Rd7 27. g4 Kf7 28. h4 h5 29. gxh5 Rd5 30. Rd1 Rxd1 31. Kxd1 f5 1/2-1/2

[Event "GRE-chT 52nd"]
[Site "Loutraki"]
[Date "2025.06.28"]
[Round "1.62"]
[White "Megalios, Konstantinos"]
[Black "Bizopoulos, Alexandros"]
[Result "1/2-1/2"]
[WhiteElo "2383"]
[BlackElo "2077"]
[PlyCount "104"]
[EventDate "2025.06.28"]
[EventType "team-swiss"]
[EventRounds "7"]
[EventCountry "GRE"]
[SourceTitle "CB28_2025"]
[SourceDate "2025.07.09"]
[SourceVersion "1"]
[SourceVersionDate "2025.07.09"]
[SourceQuality "1"]
[WhiteTeam "Thessaloniki Aris"]
[BlackTeam "Larisas"]
[WhiteTeamCountry "GRE"]
[BlackTeamCountry "GRE"]

1. Nf3 Nf6 2. c4 g6 3. Nc3 Bg7 4. e4 d6 5. d4 0-0 6. Be2 e5 7. d5 a5 8. Bg5 h6 9. Bh4 g5 10. Nxg5 hxg5 11. Bxg5 c6 12. h4 Qb6 13. Qd2 cxd5 14. cxd5 Ng4 15. Bxg4 Bxg4 16. h5 Kh7 17. f3 Bd7 18. Be3 Qb4 19. g4 f6 20. h6 Bh8 21. Nd1 Qxd2+ 22. Kxd2 Na6 23. b3 Rfc8 24. Nb2 b5 25. Rac1 Nc5 26. Rc2 Nb7 27. Rhc1 Rxc2+ 28. Rxc2 Rc8 29. Rxc8 Bxc8 30. a3 Bd7 31. Kc3 Nd8 32. a4 Nf7 33. axb5 Bxb5 34. Nc4 Kg6 35. Nxa5 Be2 36. b4 Bxf3 37. b5 Bxg4 38. b6 Bc8 39. b7 Bxb7 40. Nxb7 f5 41. exf5+ Kxf5 42. Kc4 Ke4 43. Bd2 Bf6 44. Bb4 Nxh6 45. Nxd6+ Kf3 46. Bc3 Ng4 47. Nf7 e4 48. Bxf6 Nxf6 49. Ng5+ Kf4 50. Nxe4 Kxe4 51. d6 Ke5 52. d7 Nxd7 1/2-1/2

[Event "Titled Tuesday intern op 11th Feb Early"]
[Site "Chess.com INT"]
[Date "2025.02.11"]
[Round "5"]
[White "Megalios, Konstantinos"]
[Black "Poormosavi, Seyed Kian"]
[Result "1-0"]
[WhiteElo "2379"]
[BlackElo "2363"]
[PlyCount "115"]
[EventDate "2025.02.11"]
[EventType "swiss (blitz)"]
[EventRounds "11"]
[EventCountry "USA"]
[SourceTitle "CB09_2025"]
[SourceDate "2025.02.27"]
[SourceVersion "1"]
[SourceVersionDate "2025.02.27"]
[SourceQuality "1"]

1. Nf3 Nf6 2. c4 b6 3. Nc3 Bb7 4. d4 g6 5. Qc2 Bg7 6. e4 0-0 7. Be2 d6 8. 0-0 c5 9. d5 a6 10. a4 Nbd7 11. h3 Re8 12. Bf4 Qc7 13. Rfe1 e5 14. Be3 Rf8 15. Nd2 h6 16. Rab1 Nh7 17. b4 cxb4 18. Rxb4 f5 19. Reb1 b5 20. axb5 f4 21. Ba7 Rxa7 22. b6 Nxb6 23. Rxb6 Bc8 24. Rc6 Qe7 25. Rbb6 Rd8 26. c5 dxc5 27. Rxg6 Nf8 28. Rgc6 Nd7 29. Re6 Qf8 30. Rbd6 Nb8 31. Nc4 Bxe6 32. Rxe6 Nd7 33. Bg4 Kh8 34. Na5 Rc7 35. Nc6 Re8 36. Qa4 Nf6 37. Bf5 Rxe6 38. Bxe6 Qa8 39. Qa5 Qb7 40. Nxe5 f3 41. Nxf3 Ne8 42. Ne2 Qb4 43. Qxa6 Qxe4 44. Ng3 Qb1+ 45. Kh2 c4 46. Qa8 Re7 47. Qd8 Bf6 48. Bd7 Qg6 49. Bxe8 Rxe8 50. Qd6 c3 51. Qc6 c2 52. d6 Qd3 53. Qxe8+ Kg7 54. Nh5+ Kh7 55. Nxf6+ Kg7 56. Nh5+ Kh7 57. Qf7+ Kh8 58. Qg7# 1-0

[Event "Titled Tuesday intern op 11th Feb Early"]
[Site "Chess.com INT"]
[Date "2025.02.11"]
[Round "9"]
[White "Megalios, Konstantinos"]
[Black "Sydykov, Bayastan"]
[Result "0-1"]
[WhiteElo "2379"]
[BlackElo "2296"]
[PlyCount "74"]
[EventDate "2025.02.11"]
[EventType "swiss (blitz)"]
[EventRounds "11"]
[EventCountry "USA"]
[SourceTitle "CB09_2025"]
[SourceDate "2025.02.27"]
[SourceVersion "1"]
[SourceVersionDate "2025.02.27"]
[SourceQuality "1"]

1. Nf3 Nf6 2. g3 c5 3. Bg2 Nc6 4. 0-0 e5 5. d3 d5 6. e4 Be7 7. Nc3 d4 8. Ne2 0-0 9. Nd2 Ne8 10. f4 Nd6 11. Nf3 f6 12. f5 g6 13. g4 g5 14. h4 h6 15. Ng3 Bd7 16. Rf2 Be8 17. Bf1 Kg7 18. Rh2 Bf7 19. c3 Rh8 20. Nh5+ Bxh5 21. gxh5 Qe8 22. Be2 Kf8 23. Qb3 g4 24. Nd2 Qxh5 25. Nf1 Qf7 26. h5 c4 27. Qd1 cxd3 28. Bxd3 dxc3 29. bxc3 Rd8 30. Ne3 Nxe4 31. Qc2 Ng5 32. Bc4 Nf3+ 33. Kf2 Qe8 34. Nxg4 Nxh2 35. Nxh2 Qxh5 36. Nf3 Bc5+ 37. Ke2 Ne7 0-1

[Event "Titled Tuesday intern op 11th Feb Early"]
[Site "Chess.com INT"]
[Date "2025.02.11"]
[Round "1"]
[White "Papasimakopoulos, Alexandros"]
[Black "Megalios, Konstantinos"]
[Result "0-1"]
[WhiteElo "2387"]
[BlackElo "2379"]
[PlyCount "130"]
[EventDate "2025.02.11"]
[EventType "swiss (blitz)"]
[EventRounds "11"]
[EventCountry "USA"]
[SourceTitle "CB09_2025"]
[SourceDate "2025.02.27"]
[SourceVersion "1"]
[SourceVersionDate "2025.02.27"]
[SourceQuality "1"]

1. d4 Nf6 2. c4 e6 3. Nc3 Bb4 4. Qb3 c5 5. dxc5 Nc6 6. Nf3 Ne4 7. Bd2 Nxd2 8. Nxd2 Bxc5 9. e3 0-0 10. Be2 b6 11. 0-0 Bb7 12. Rfd1 Qe7 13. Nde4 Rab8 14. a3 f5 15. Nxc5 bxc5 16. Qc2 Ne5 17. f4 Ng4 18. Bxg4 fxg4 19. Qd2 Bc6 20. Rab1 Rb3 21. Rbc1 Rfb8 22. Rc2 h5 23. Re1 Qf6 24. Qf2 h4 25. Ree2 a5 26. Red2 a4 27. e4 g5 28. f5 Qe5 29. Qe3 Qf4 30. Qd3 g3 31. hxg3 hxg3 32. fxe6 dxe6 33. e5 Qd4+ 34. Qxd4 cxd4 35. Nb5 Bxb5 36. cxb5 d3 37. Rc5 Kf7 38. Kf1 Kg6 39. Ke1 Kf5 40. Kd1 Ke4 41. Rc4+ Ke3 42. Rg4 R8xb5 43. Rxg3+ Ke4 44. Rg4+ Ke3 45. Rg3+ Kf4 46. Rgxd3 Rxd3 47. Rxd3 Rxb2 48. Rd4+ Ke3 49. Rxa4 Rxg2 50. Ra6 Ra2 51. a4 g4 52. Rxe6 g3 53. Rg6 g2 54. a5 Ra1+ 55. Kc2 g1Q 56. Rxg1 Rxg1 57. Kc3 Ra1 58. Kb4 Kd4 59. e6 Kd5 60. Kb5 Rb1+ 61. Ka6 Kc6 62. Ka7 Rb7+ 63. Ka8 Re7 64. a6 Kb6 65. a7 Re8# 0-1

[Event "Titled Tuesday intern op 11th Feb Early"]
[Site "Chess.com INT"]
[Date "2025.02.11"]
[Round "6"]
[White "Shirov, Alexei"]
[Black "Megalios, Konstantinos"]
[Result "1-0"]
[WhiteElo "2648"]
[BlackElo "2379"]
[PlyCount "61"]
[EventDate "2025.02.11"]
[EventType "swiss (blitz)"]
[EventRounds "11"]
[EventCountry "USA"]
[SourceTitle "CB08_2025"]
[SourceDate "2025.02.19"]
[SourceVersion "1"]
[SourceVersionDate "2025.02.19"]
[SourceQuality "1"]

1. e4 e5 2. Nf3 Nc6 3. Bb5 g6 4. d4 exd4 5. Bg5 Be7 6. Bxe7 Qxe7 7. Bxc6 dxc6 8. Qxd4 Nf6 9. Nc3 Bg4 10. Nd2 c5 11. Qe3 0-0-0 12. h3 Bd7 13. 0-0-0 Rhe8 14. g4 Bc6 15. Rhe1 Rd4 16. f3 Nd7 17. Nb3 Rxd1+ 18. Rxd1 b6 19. Nd2 g5 20. Nc4 Nf8 21. Nd5 Bxd5 22. Rxd5 h6 23. Qa3 Kb7 24. Ne3 Ne6 25. Nf5 Qf6 26. Rd7 Kc8 27. Qa4 Rd8 28. Ne7+ Kb7 29. Qc6+ Ka6 30. Rxd8 Qf4+ 31. Rd2 1-0

[Event "Titled Tuesday intern op 11th Feb Early"]
[Site "Chess.com INT"]
[Date "2025.02.11"]
[Round "8"]
[White "Vokhidov, Shamsiddin"]
[Black "Megalios, Konstantinos"]
[Result "1-0"]
[WhiteElo "2670"]
[BlackElo "2379"]
[PlyCount "71"]
[EventDate "2025.02.11"]
[EventType "swiss (blitz)"]
[EventRounds "11"]
[EventCountry "USA"]
[SourceTitle "CB08_2025"]
[SourceDate "2025.02.19"]
[SourceVersion "1"]
[SourceVersionDate "2025.02.19"]
[SourceQuality "1"]

1. e4 e5 2. Nf3 Nc6 3. Nc3 Nf6 4. d4 exd4 5. Nxd4 Bc5 6. Be3 Bb6 7. Qd2 Ng4 8. Nxc6 bxc6 9. Bxb6 axb6 10. h3 Ne5 11. 0-0-0 g5 12. h4 g4 13. f4 gxf3 14. gxf3 Qf6 15. f4 Ng6 16. h5 Nxf4 17. e5 Qg5 18. Kb1 Ne6 19. Qf2 Ra5 20. Bc4 Rxe5 21. Rdf1 f5 22. Bd3 Rf8 23. h6 Nc5 24. Bc4 d5 25. Bb3 Kd8 26. Rfg1 Qe3 27. Qh4+ Ke8 28. Re1 f4 29. Rxe3 fxe3 30. Re1 d4 31. Qxd4 Rff5 32. Bc4 Bd7 33. Rxe3 Rxe3 34. Qxe3+ Kd8 35. b4 Na4 36. Nxa4 1-0

[Event "Titled Tuesday intern op 20th Aug Late"]
[Site "Chess.com INT"]
[Date "2024.08.20"]
[Round "11"]
[White "Bortnyk, Olexandr"]
[Black "Megalios, Konstantinos"]
[Result "1-0"]
[WhiteElo "2608"]
[BlackElo "2379"]
[PlyCount "99"]
[EventDate "2024.08.20"]
[EventType "swiss (blitz)"]
[EventRounds "11"]
[EventCountry "USA"]
[SourceTitle "EXT 2025"]
[Source "ChessBase"]
[SourceDate "2024.10.14"]
[SourceVersion "1"]
[SourceVersionDate "2024.10.14"]
[SourceQuality "1"]

1. d4 Nf6 2. Nc3 d6 3. e4 c6 4. Nf3 g6 5. e5 dxe5 6. dxe5 Qxd1+ 7. Nxd1 Nd5 8. c4 Nc7 9. h3 h5 10. Bd3 Nba6 11. 0-0 Bh6 12. Bxh6 Rxh6 13. Nc3 Nc5 14. Bc2 a5 15. Rad1 Be6 16. b3 N7a6 17. Ng5 h4 18. f4 Rh5 19. Rd2 Rd8 20. Rxd8+ Kxd8 21. Rd1+ Ke8 22. Rd2 Bc8 23. Bd1 Rh6 24. Rd8+ Kxd8 25. Nxf7+ Ke8 26. Nxh6 Nd3 27. Ne2 Nab4 28. a3 Na6 29. Bc2 Nac5 30. b4 axb4 31. axb4 Nxb4 32. Bxg6+ Kf8 33. Nf5 Nc2 34. Nxe7 Kxe7 35. Bxc2 Be6 36. f5 Bxc4 37. Nf4 b5 38. Ng6+ Kf7 39. Kf2 b4 40. Ke3 b3 41. Bb1 b2 42. Kd4 Bd3 43. Ba2+ Kg7 44. Kxc5 Bxf5 45. Nxh4 b1Q 46. Bxb1 Bxb1 47. Kxc6 Kh6 48. e6 Ba2 49. e7 Bf7 50. Kd7 1-0

[Event "Titled Tuesday intern op 20th Aug Late"]
[Site "Chess.com INT"]
[Date "2024.08.20"]
[Round "5"]
[White "Tristan, Leonardo"]
[Black "Megalios, Konstantinos"]
[Result "1-0"]
[WhiteElo "2534"]
[BlackElo "2379"]
[PlyCount "137"]
[EventDate "2024.08.20"]
[EventType "swiss (blitz)"]
[EventRounds "11"]
[EventCountry "USA"]
[SourceTitle "EXT 2025"]
[Source "ChessBase"]
[SourceDate "2024.10.14"]
[SourceVersion "1"]
[SourceVersionDate "2024.10.14"]
[SourceQuality "1"]

1. d4 Nf6 2. Nf3 e6 3. Bf4 c5 4. e3 cxd4 5. exd4 Be7 6. h3 b6 7. Nbd2 0-0 8. a4 d6 9. c3 Re8 10. Bb5 Nbd7 11. 0-0 a6 12. Bd3 Bb7 13. Re1 Bf8 14. Bh2 Bc6 15. Nc4 Qc7 16. Ne3 b5 17. axb5 axb5 18. Rxa8 Rxa8 19. Nd2 Qb7 20. Qb3 g6 21. Bf1 e5 22. dxe5 dxe5 23. Ng4 Nxg4 24. hxg4 Bh6 25. Qc2 Bf4 26. Bxf4 exf4 27. Ne4 Qc7 28. Qb3 Re8 29. Ng5 Nc5 30. Rxe8+ Bxe8 31. Qd5 Qe7 32. Nf3 h6 33. Ne5 Kh7 34. b4 Na4 35. Qd4 Qc7 36. Qxf4 Nxc3 37. Nxg6 Qxf4 38. Nxf4 Na2 39. Nd5 Bc6 40. Nc7 Nxb4 41. Nxb5 Bxb5 42. Bxb5 Kg6 43. f3 h5 44. gxh5+ Kxh5 45. Kf2 Kg5 46. Ke3 Nd5+ 47. Ke4 Nf4 48. g3 f5+ 49. Ke5 Ng6+ 50. Ke6 f4 51. g4 Nh4 52. Be2 Ng6 53. Kd5 Nh4 54. Ke4 Ng2 55. Bd3 Nh4 56. Be2 Ng2 57. Bb5 Nh4 58. Bc6 Ng2 59. Ba4 Nh4 60. Bb5 Ng2 61. Bc4 Nh4 62. Bf1 Ng6 63. Kd3 Nh4 64. Ke2 Ng6 65. Kf2 Nh4 66. Bd3 Ng6 67. Bxg6 Kxg6 68. Ke2 Kg5 69. Kd3 1-0

[Event "Titled Tuesday intern op 20th Aug Late"]
[Site "Chess.com INT"]
[Date "2024.08.20"]
[Round "4"]
[White "Xiong, Jeffery"]
[Black "Megalios, Konstantinos"]
[Result "1-0"]
[WhiteElo "2646"]
[BlackElo "2379"]
[PlyCount "77"]
[EventDate "2024.08.20"]
[EventType "swiss (blitz)"]
[EventRounds "11"]
[EventCountry "USA"]
[SourceTitle "EXT 2025"]
[Source "ChessBase"]
[SourceDate "2024.10.14"]
[SourceVersion "1"]
[SourceVersionDate "2024.10.14"]
[SourceQuality "1"]

1. e4 e5 2. Nf3 Nc6 3. Nc3 Nf6 4. d4 exd4 5. Nxd4 Bc5 6. Be3 Bb6 7. Qd2 Ng4 8. Nxc6 bxc6 9. Bxb6 axb6 10. Be2 d6 11. Bxg4 Bxg4 12. 0-0 0-0 13. a4 Be6 14. f4 f5 15. b3 fxe4 16. Nxe4 h6 17. Rae1 Qd7 18. Ng3 Rae8 19. f5 Bf7 20. f6 Rxe1 21. Rxe1 Re8 22. fxg7 Rxe1+ 23. Qxe1 Bg6 24. b4 Qxg7 25. h3 Bxc2 26. a5 bxa5 27. bxa5 Bd3 28. Qe3 Bg6 29. Kh2 Qa1 30. Qe6+ Bf7 31. Qc8+ Kg7 32. a6 h5 33. Qxc7 Qe5 34. h4 Qf4 35. Qe7 Qa4 36. a7 Kg6 37. Qg5+ Kh7 38. Nf5 Bg6 39. Qh6+ 1-0